Sotheby's : Amsterdam, Tuesday 11 September 2001 : Fine Jewellery /

Guardado en:
書目詳細資料
企業作者: Sotheby's
格式: 圖書
語言:英语
出版: Amsterdam, Holanda : Sotheby's, 2001
標簽: 添加標簽
沒有標簽, 成為第一個標記此記錄!

MARC

LEADER 00000nam^a2200000^a^4500
001 000586619
005 20250526000000.0
009 20260310132753.157
037 |a Acervo ITESO - Biblioteca 
041 |a ING 
091 |a FCO. 01983 
240 1 1 |a [Sotheby's] 
245 0 0 |a Sotheby's :  |b Amsterdam, Tuesday 11 September 2001 : Fine Jewellery / 
264 1 |a Amsterdam, Holanda :  |b Sotheby's,  |c 2001 
300 |a 74 p. ;  |c 27.0 cm. 
336 |a texto  |b txt  |2 rdacontenido 
337 |a sin mediación  |b n  |2 rdamedio 
338 |a volumen  |b nc  |2 rdasoporte 
649 |a XX 
710 |a Sotheby's 
910 |a Fondo Erich Coufal Kieswetter 
920 |a Impresos - Libros 
930 |a Libros Antiguos y Raros 
905 |a 142 
901 |a 0500414315  |b IT2  |c LRA  |i D  |u 20250526 
902 |a https://opac.biblio.iteso.mx/vufind/Record/000586619